000 00464nam a22001812 4500
001 0000005577
005 20151217160107.0
008 070619s xx 000 0 eng d
040 _aKABU
_cKABU
050 0 _aPZ7
_b.M8M35
100 1 _aMueni, Rose.
_@0000156830
245 1 0 _aMbisi and the magic tree.
260 _aNairobi :
_bPhoenix,
_c2002.
300 _a52 p.
908 _a070619
950 _@1
999 _c14145
_d14145